| 000 | 01501nab a22002657a 4500 | ||
|---|---|---|---|
| 999 |
_c6539 _d6539 |
||
| 003 | OSt | ||
| 005 | 20260223121231.0 | ||
| 008 | 190506c xxu||||| |||| 00| 0 spa d | ||
| 040 | _cPJ | ||
| 100 |
_95209 _aMagnano, Marina G. |
||
| 245 | 1 | 0 |
_aDepreciación monetaria y obligaciones laborales. El nuevo rol del juez / _cMarina G. Magnano, Fernando D. Ramallo. |
| 260 |
_aBuenos Aires : _bAbeledoPerrot, _c2024. |
||
| 300 | _ap. 15-24 | ||
| 500 | _aCita: TR LALEY AR/DOC/504/2024. | ||
| 505 | _aSumario: I. Introducción. Proceso inflacionario. Depreciación - desvalorización.— II. Deudas dinerarias vs. deudas de valor.— III. Deudas de valor, deudas dinerarias. Consecuencias de la clasificación. Nominalismo.— IV. Inflación. Respuestas de la doctrina y jurisprudencia.— V. Obligación laboral. Naturaleza jurídica.— VI. Nominalismo vs. incumplimiento contractual.— VII. Inflación y acreencias laborales. Tentativa de solución.— VIII. Fundamentos de la posición asumida.— IX. Conclusión. | ||
| 505 | _t¿Te interesa el texto completo? Comunicate al correo: koha@justierradelfuego.gov.ar | ||
| 650 | 0 |
_91316 _aDERECHO LABORAL |
|
| 650 | 0 |
_9533 _aINTERESES |
|
| 650 | 0 |
_93790 _aACTUALIZACIÓN MONETARIA |
|
| 650 | 0 |
_96365 _aANATOCISMO |
|
| 650 | 0 |
_91367 _aASOCIACIONES SINDICALES |
|
| 700 |
_96444 _aRamallo, Fernando D. |
||
| 773 | 0 |
_02751 _93202 _dBuenos Aires : AbeledoPerrot, 2013- _tRevista de derecho laboral y seguridad social. Nº 7 - Abril 2024 |
|
| 942 |
_2udc _cANA |
||